Score 0/23 Timer 03:00
1 Play Today
Clue 4-Letter Word % Correct
The gender of a normal power cordMALE
93.4%
Opposite of sweetSOUR
89.4%
'___ Metal Jacket'FULL
87.3%
A game related to billiardsPOOL
87.1%
A female horseMARE
87%
A gelatinous adhesiveGLUE
85.4%
Like Elvis' Hawaii or suede shoesBLUE
84.9%
Spanish surrealist SalvadorDALÍ
83.7%
African country with its capital at BamakoMALI
83.7%
Extreme happiness or a show about show choirsGLEE
80.9%
A jesterFOOL
80.2%
Genre of music similar to gospelSOUL
80%
Clue 4-Letter Word % Correct
Loathsome or wretchedFOUL
73.8%
Survey created by Harris or RoperPOLL
69.1%
A male elephantBULL
68.7%
Trim off excessPARE
60.7%
Spotless or uncontaminatedPURE
58.1%
A cotton plant's podBOLL
56%
English Alt-rock singers of 'Tender' and 'Song 2'BLUR
52.1%
A cast aspersionSLUR
49.8%
A type of knitting stitchPURL
49.7%
To wrap or fold a flag around somethingFURL
48.7%
Swiss surrealist PaulKLEE
19.7%

Today's Daily Dose

Remove Ads.
Support Sporcle.
Get the best of Sporcle when you Go Orange. This ad-free experience offers more features, more stats, and more fun while also helping to support Sporcle. Thank you for becoming a member.

You're not logged in!

Compare scores with friends on all Sporcle quizzes.
OR
Log In

Show Comments

Extras

Top Quizzes Today


Score Distribution

Your Account Isn't Verified!

In order to create a playlist on Sporcle, you need to verify the email address you used during registration. Go to your Sporcle Settings to finish the process.

Report this User

Report this user for behavior that violates our Community Guidelines.

Details: